000 00866nam a2200217Ia 4500
003 GCL
008 140319s9999 xx 000 0 ara d
040 _aGCL /
_cGCL
082 0 4 _a371.9282
_bم ت
100 1 _aالمجلس العربى للطفولة والتنمية
245 1 0 _aالتقويم المهنى للمعاقين فى الوطن العربى /
_cالمجلس العربى للطفولة والتنمية
700 1 _aالمنظمة العربية للتربية والثقافة
700 1 _aالمركز المصرى للتقويم المهنى
260 _a[S.N] :
_bالمجلس العربى للطفولة والتنمية ،
_c1990
490 _a
650 0 4 _aالتنمية الاجتماعية
650 0 4 _aالوطن العربى
650 0 4 _aالمعوقون
650 0 4 _aالاطفال المعوقون
942 _2ddc
_cBK
999 _c55889
_d55889